Chopped Chin Quiz - Statistics

General Stats
  • This quiz has been taken 68 times
  • The average score is 4 of 13
Answer Stats
Question Answer % Correct
Fill in the lyric: I've been running next to you in my ___ Head
87%
What is her relation to him? Cousin
43%
What is so attractive about cc's motions? The nod
43%
Who is chopped chin's favorite NBA player? LeBron James
33%
What is chopped chin's real name? Angel Wiley
30%
What is his ethnicity? Somali
24%
What is the chopped chin song? Bring me back
22%
What is the nickname of white huzz who glances over? Chuzz
22%
What is the nickname of nonchalant black guy? Chunc
17%
Where is chopped chin from? Egypt
13%
What else? The foot tap
11%
Where did chopped chin commit? Boston College
9%
Who is the WNBA player next to him? Renee Montgomery
9%
No matching quizzes found
Score Distribution
Percent of People with Each Score
Percentile by Number Answered
Your Score History
You have not taken this quiz